00493nam a2200121Ia 45000010005000000080041000050820017000461000055000632450163001182600048002819010027003299990015003563337241024s9999 xx 000 0 und d aRD/348/R426c aRepública Dominicana.Despacho de la Primera Dama 0aCompilación "Leyes de familia de Cataluña, Bolivia, Buenos Aires, Venezuela, Chile, Costa Rica, Panamá, Ecuador, Honduras, Cuba y República Dominicana bSanto Domingo, República Dominicanac2007 a9/10/2013 4:57:11 p.m. c9509d9509